NBA DPOYs - Sudden Death - Statistics

General Stats
  • This quiz has been taken 6,804 times
    56 since last reset
  • The average score is 9 of 26
Answers on the Grid
Answers color-coded by a green-red scale on the quiz's grid according to % correct below.
Alonzo Mourning
Alvin Roberton
Amar'e Stoudemire
Ben Wallace
Bill Laimbeer
Bill Russell
Chris Paul
David Robinson
Dennis Rodman
Dikembe Mutombo
Dirk Nowitzki
Draymond Green
Dwight Howard
Evan Mobley
Gary Payton
Giannis Antetokounmpo
Hakeem Olajuwon
Jaren Jackson Jr.
Joakim Noah
Kareem Abdul-Jabbar
Kawhi Leonard
Kevin Garnett
Kobe Bryant
LeBron James
Marc Gasol
Marcus Camby
Marcus Smart
Mark Eaton
Michael Jordan
Ron Artest (Metta World Peace)
Rudy Gobert
Shaquille O'Neal
Sidney Moncrief
Stephen Curry
Tim Duncan
Tyson Chandler
Victor Wembanyama
Wilt Chamberlain
 
Answer Stats
Answer % Correct
Ben Wallace
71%
Giannis Antetokounmpo
58%
Rudy Gobert
58%
Dikembe Mutombo
54%
Alonzo Mourning
50%
Draymond Green
50%
Victor Wembanyama
46%
Dwight Howard
42%
Hakeem Olajuwon
42%
Kawhi Leonard
42%
Gary Payton
38%
Evan Mobley
33%
Joakim Noah
33%
Michael Jordan
33%
Kevin Garnett
29%
David Robinson
25%
Jaren Jackson Jr.
25%
Dennis Rodman
21%
Marc Gasol
21%
Marcus Smart
21%
Mark Eaton
17%
Tyson Chandler
17%
Alvin Roberton
8%
Marcus Camby
8%
Ron Artest (Metta World Peace)
8%
Sidney Moncrief
8%
No matching quizzes found
Score Distribution
Percent of People with Each Score
Percentile by Number Answered
Your Score History
You have not taken this quiz since the last reset